Everything all at once / (Record no. 537)
[ view plain ]
| 000 -LEADER | |
|---|---|
| fixed length control field | 00588nam a22002057a 4500 |
| 005 - DATE AND TIME OF LATEST TRANSACTION | |
| control field | 20230804131141.0 |
| 008 - FIXED-LENGTH DATA ELEMENTS--GENERAL INFORMATION | |
| fixed length control field | 230804b |||||||| |||| 00| 0 eng d |
| 020 ## - INTERNATIONAL STANDARD BOOK NUMBER | |
| International Standard Book Number | 9781509880034 |
| 040 ## - CATALOGING SOURCE | |
| Original cataloging agency | KMU |
| Transcribing agency | KMU |
| Modifying agency | KMU |
| Description conventions | rda |
| 050 ## - LIBRARY OF CONGRESS CALL NUMBER | |
| Classification number | PZ7.C364 |
| 100 ## - MAIN ENTRY--PERSONAL NAME | |
| Personal name | Camden, Steven |
| Dates associated with a name | 2018 |
| 245 ## - TITLE STATEMENT | |
| Title | Everything all at once / |
| Statement of responsibility, etc. | Steven, Camden |
| 260 ## - PUBLICATION, DISTRIBUTION, ETC. | |
| Place of publication, distribution, etc. | London : |
| Name of publisher, distributor, etc. | Macmillan's children's book, |
| Date of publication, distribution, etc. | 2018. |
| 300 ## - PHYSICAL DESCRIPTION | |
| Extent | 117 p. : |
| Dimensions | 19cm. |
| 650 ## - SUBJECT ADDED ENTRY--TOPICAL TERM | |
| Topical term or geographic name entry element | English poetry |
| 650 ## - SUBJECT ADDED ENTRY--TOPICAL TERM | |
| Topical term or geographic name entry element | Children's poetry, English |
| 650 ## - SUBJECT ADDED ENTRY--TOPICAL TERM | |
| Topical term or geographic name entry element | Education, Secondary |
| 650 ## - SUBJECT ADDED ENTRY--TOPICAL TERM | |
| Topical term or geographic name entry element | High school students |
| 942 ## - ADDED ENTRY ELEMENTS (KOHA) | |
| Source of classification or shelving scheme | Library of Congress Classification |
| Koha item type | Fiction |
| Suppress in OPAC | No |
| Withdrawn status | Lost status | Source of classification or shelving scheme | Damaged status | Not for loan | Collection | Home library | Current library | Shelving location | Date acquired | Source of acquisition | Total Checkouts | Full call number | Barcode | Date last seen | Date last checked out | Price effective from | Koha item type |
|---|---|---|---|---|---|---|---|---|---|---|---|---|---|---|---|---|---|
| Library of Congress Classification | Fiction | Kapasa Makasa University | Kapasa Makasa University | Children's Area | 04.08.2023 | Book International Aid | 2 | PZ 7.C364 Cam | 300252 | 02.10.2025 | 26.09.2025 | 04.08.2023 | Fiction | ||||
| Library of Congress Classification | Fiction | Kapasa Makasa University | Kapasa Makasa University | Open Access | 04.08.2023 | Book International Aid | 2 | PZ 7.C364 Cam | 300253 | 27.02.2025 | 12.02.2025 | 04.08.2023 | Fiction |